Attributive constructions in North-Eastern Neo-Aramaic (Volume 15) (Record no. 91853)

MARC details
000 -LEADER
fixed length control field 01743nam a2200205Ii 4500
008 - FIXED-LENGTH DATA ELEMENTS--GENERAL INFORMATION
fixed length control field 221202s xx 000 0 und d
100 1# - MAIN ENTRY--PERSONAL NAME
Personal name Gutman, Ariel,
Relator term author
245 #0 - TITLE STATEMENT
Title Attributive constructions in North-Eastern Neo-Aramaic (Volume 15)
264 ## - PRODUCTION, PUBLICATION, DISTRIBUTION, MANUFACTURE, AND COPYRIGHT NOTICE
Name of producer, publisher, distributor, manufacturer Language Science Press
Date of production, publication, distribution, manufacture, or copyright notice 2018
300 ## - PHYSICAL DESCRIPTION
Extent 1 online resource
336 ## - CONTENT TYPE
Content type term text
Content type code txt
Source rdacontent
337 ## - MEDIA TYPE
Media type term computer
Media type code c
Source rdamedia
338 ## - CARRIER TYPE
Carrier type term online resource
Carrier type code cr
Source rdacarrier
520 ## - SUMMARY, ETC.
Summary, etc. This study is the first wide-scope morpho-syntactic comparative study of North-Eastern Neo-Aramaic dialects to date. Given the historical depth of Aramaic (almost 3 millennia) and the geographic span of the modern dialects, coming in contact with various Iranian, Turkic and Semitic languages, these dialects provide an almost pristine laboratory setting for examining language change from areal, typological and historical perspectives. While the study has a very wide coverage of dialects, including also contact languages (and especially Kurdish dialects), it focuses on a specific grammatical domain, namely attributive constructions, giving a theoretically motivated and empirically grounded account of their variation, distribution and development. The results will be enlightening not only to Semitists seeking to learn about this fascinating modern Semitic language group, but also for typologists and general linguists interested in the dynamics of noun phrase morphosyntax.
653 ## - INDEX TERM--UNCONTROLLED
Uncontrolled term Historical & Comparative
653 ## - INDEX TERM--UNCONTROLLED
Uncontrolled term Language Arts & Disciplines
653 ## - INDEX TERM--UNCONTROLLED
Uncontrolled term Linguistics
856 ## - ELECTRONIC LOCATION AND ACCESS
Uniform Resource Identifier <a href="https://docs.google.com/spreadsheets/d/1yKIrdCPDAG_9c22mwoOIO2DOhtj65Wqa/edit?usp=sharing&ouid=106555315294820607512&rtpof=true&sd=true ">https://docs.google.com/spreadsheets/d/1yKIrdCPDAG_9c22mwoOIO2DOhtj65Wqa/edit?usp=sharing&ouid=106555315294820607512&rtpof=true&sd=true </a>
Link text List of Curated E-Books
942 ## - ADDED ENTRY ELEMENTS (KOHA)
Koha item type E-Book

No items available.

University of Rizal System
Email us at univlibservices@urs.edu.ph

Visit our Website www.urs.edu.ph/library